Statistiken für Länder nach höchstem Unterschied in aufgezeichneten Höchst- und Niederigtemperaturen

Klicken Sie hier um das Quiz zu spielen!

Allgemein

  • Dieses Quiz wurde 148 mal gespielt
  • Das Durchschnittsergebnis liegt bei 16 aus 24

Antwortstatistiken

+/- °C+/- °FCountry% Korrekt
113.1235.6Russland
99%
116.1241.0Vereinigte Staaten
97%
102.8217.0China
96%
107.8226.0Kanada
87%
100.7213.3Kasachstan
82%
87.0188.6Norwegen
81%
90.0194.0Schweden
81%
100.0212.0Mongolei
79%
88.7191.7Finnland
78%
90.1194.2Iran
71%
94.2201.6Türkei
66%
85.1185.2Turkmenistan
66%
89.5193.1Usbekistan
66%
86.3187.3Argentinien
65%
97.6207.7Kirgisistan
65%
106.0222.8Dänemark
64%
102.0215.6Afghanistan
61%
97.6207.7Tadschikistan
61%
85.7186.3Frankreich
58%
90.5194.9Italien
53%
85.1185.2Georgien
50%
85.6186.1Nordkorea
50%
90.4194.7Armenien
46%
86.6187.9Bosnien und Herzegovina
18%

Verteilung der Resultate

Perzentil nach korrekt beantworteten Fragen

Anzahl Personen mit jedem Resultat

Ihre Resultats-Entwicklung

Sie haben dieses Quiz noch nicht gespielt